| 000 | 01211nam a2200277Ia 4500 | ||
|---|---|---|---|
| 003 | OSt | ||
| 005 | 20221005105314.0 | ||
| 006 | a|||||r|||| 00| 0 | ||
| 007 | ta | ||
| 008 | 221004b |||||||| |||| 00| 0 hin d | ||
| 020 |
_a9788178441542 (hbk) _c695 |
||
| 024 | _a13842 | ||
| 037 |
_b5161, 26/03/2014, Friends Publications (India) _cTextual |
||
| 040 |
_aCRL _cCRL _bhin |
||
| 041 |
_2hin _ahin |
||
| 082 | _aV2:51.N5, 152Q4 | ||
| 100 | _aदेसाई, रजनी एक्स. | ||
| 245 | 0 | _aस्वतंत्रता संग्राम में भीतरघात | |
| 246 | _aSvatantratā sangrām mean bhītaraghāta | ||
| 260 |
_aनई दिल्ली _bके. के. पब्लिकेशन्स भारत _c2014 |
||
| 300 |
_a272पृ0 _ccm. |
||
| 650 | _aविश्व-इतिहास | ||
| 700 |
_a चण्डालिया, हेमेंद्र सिंह, अनु. _9623886 |
||
| 942 |
_hV2:51.N5, 152Q4 _cTEXL _2cc |
||
| 999 |
_c1015416 _d1015416 |
||